Obras completas : tomo I: 1844-1865 /
Guardado en:
| Autor Principal: | |
|---|---|
| Otros Autores: | |
| Formato: | Libro |
| Publicado: |
Madrid :
Aguilar,
1953.
|
| Materias: | |
| Etiquetas: |
Agregar Etiqueta
Sin Etiquetas, Sea el primero en etiquetar este registro!
|
| LEADER | 01276nam a22002055a 4500 | ||
|---|---|---|---|
| 001 | EHU.bham052829 | ||
| 008 | 260330s1953####sp############000#0#####d | ||
| 005 | 20260330090359.0 | ||
| 245 | 1 | 0 | |a Obras completas : |b tomo I: 1844-1865 / |c Fedor Dostoievski ; trad., introd., pról., notas y censo de personajes de Rafael Cansinos Assens. |
| 260 | |a Madrid : |b Aguilar, |c 1953. | ||
| 300 | |a 1570 p. | ||
| 500 | |a Contenido: Pobres gentes -- El doble -- El señor Projarchin -- La patrona -- Una novela en nueve cartas -- Polzúkov -- Corazón débil -- El ladrón honrado --La mujer ajena y el hombre debajo de la cama -- Un árbol de Noel y una boda -- Noches blancas -- Niétochka Nezvanova -- El heroecito -- El sueño del Tito -- La alquería de Stepanchikovo y sus vecinos -- Humillados y ofendidos -- Memorias de la casa muerta -- Notas de invierno sobre impresiones de verano -- Una historia enojosa -- Memorias del subsuelo -- El cocodrilo. | ||
| 100 | 1 | |a Dostoievski, Fedor | |
| 700 | 1 | |a Cansinos Assens, Rafael, trad., ed. | |
| 082 | 8 | 9 | |a 891.733 D742-14 1 |
| 600 | 1 | 7 | |a Dostoyevski, Fiodor. |
| 653 | |a Literatura rusa-1844-1865 | ||
| 653 | |a Relato ruso-1844-1865 | ||
| 653 | |a Narrativa rusa-1844-1865 | ||
| 859 | |a AR-BHAM |b BIB. HUMANIDADES - General |h 891.733 |i D742-14 |p 69.26 |t Ej.1 |v I |3 I | ||
